000 00873nam a2200241 i 4500
001 18182
003 ES-MaACL
005 20250912063036.0
007 t|
008 011003s1969 fr ||||1| spa d
080 _a325.254.4:32(460)"1939/45"
080 _a940.53
100 1 _aVilanova, Antonio,
_d1923-2008
_9114774
245 1 4 _aLos olvidados
_b: los exilados españoles en la Segunda Guerra Mundial /
_cAntonio Vilanova.
260 _a[Paris] :
_bRuedo Ibérico,
_c[1969]
300 _aXIX, 509 p. :
_bil. ;
_c23 cm.
650 1 4 _aExiliados españoles.
_912656
650 1 4 _aGuerra mundial, 1939-1945-
_xCampos de concentración.
_913235
650 0 0 _aGuerra mundial, 1939-1945-
_xParticipación española.
_913251
710 2 _aÉditions Ruedo ibérico.
_9145333
852 _aES-MaACL
_jAND-108
_z- Biblioteca Juan Andrade.
999 _c18182
_d18182